Les 20 préfectures les plus proches de Clermont-Ferrand - Statistiques

Statistiques générales
  • Ce quiz a été pris 245 fois
  • Le résultat moyen est 14 sur 20
Statistiques - réponses
distance (en km) ville préfecture % Correct
136 Lyon
97%
108 Saint-Etienne
94%
90 Moulins
87%
107 Aurillac
85%
103 Le Puy en Velay
81%
141 Limoges
81%
172 Bourg en Bresse
77%
164 Rodez
72%
117 Tulle
72%
103 Guéret
71%
135 Nevers
70%
170 Valence
67%
154 Bourges
65%
166 Privas
65%
144 Mende
64%
147 Macon
59%
159 Châteauroux
55%
197 Cahors
48%
196 Périgueux
48%
215 Lons le Saunier
28%
Aucun quiz correspondant
Distribution des résultats
% des personnes avec chaque résultat
Percentile par nombre de réponses
Votre historique - résultats
Vous n’avez pas pris ce quiz